000 00449nam a2200169Ia 4500
008 230917s9999||||xx |||||||||||||| ||und||
020 _cRS295
040 _e246884
_aMAIN
041 _aEnglish
082 _a361.4 P192S
100 _aPandey, Baleshwar
245 0 _aSamajik samuhik seva karya
260 _aJaipur
_bRawat Publication
_c2018
300 _axiv, 366 p.
500 _a3097 03/05/2018 HBD18/3519 07/05/2018 Main Budget
942 _cBK
999 _c26617
_d26617